Pakistan 53 saal ; 14 August 1947 sa 14 August 2000 tak (Record no. 292575)

000 -LEADER
fixed length control field 00326 a2200121 4500
001 - CONTROL NUMBER
control field 57502
082 ## - DEWEY DECIMAL CLASSIFICATION NUMBER
Classification number 954.91 RAZ
090 ## - LOCALLY ASSIGNED LC-TYPE CALL NUMBER (OCLC); LOCAL CALL NUMBER (RLIN)
-- 35232
-- 35232
100 ## - MAIN ENTRY--PERSONAL NAME
Personal name Razi-ud-din razi
245 ## - TITLE STATEMENT
Title Pakistan 53 saal ; 14 August 1947 sa 14 August 2000 tak
Medium Urdu
260 ## - PUBLICATION, DISTRIBUTION, ETC.
Place of publication, distribution, etc. LAHORE
Name of publisher, distributor, etc. Sange-e-Meel Publications
Date of publication, distribution, etc. 2001
300 ## - PHYSICAL DESCRIPTION
Extent 1109p
942 ## - ADDED ENTRY ELEMENTS (KOHA)
Institution code [OBSOLETE] NUST-CAE
Call number prefix 954.91 RAZ
Holdings
Withdrawn status Lost status Damaged status Not for loan Collection code Permanent Location Current Location Date acquired Total Checkouts Full call number Barcode Date last seen Price effective from Koha item type
          College of Aeronautical Engineering (CAE) College of Aeronautical Engineering (CAE) 04/03/2017   954.91 RAZ CAE74595 04/05/2017 04/05/2017 Book
© 2023 Central Library, National University of Sciences and Technology. All Rights Reserved.